000 00800nam a2200205Ia 4500
001 16278
003 GE_BSU
008 181216s||||||||xx |||||||||||||| ||und||
020 _aISBN 978-9941-0-2814-4
040 _cGE_BSU
080 _a342.743(479.22)(038)
100 _aურიდია, გონერ
245 _aსაქართველოს საგადასახადო კოდექსის ტერმინთა განმარტება
245 _cრედ. ზაურ ამილახვარი
300 _a136გვ; 20სმ. - ბიბლიოგრ.: გვ. 135
541 _h14ლ.
653 _aსამართალი
653 _aსაქ. საერთაშ. ურთიერთობათა უნ-ტი
942 _cBK
999 _c49361
_d49361